00763nam a2200241 a 4500001001300000003000900013005001700022008004100039020001000080082001500090100002500105245008100130260004600211300000800257500003500265505002800300650002300328700002500351902000800376942000700384952011500391999001500506nice12345678IN_TiNIC20260116011441.0050524s1927 lona grp 000 0 eng  ac10000a297.1bKAM aKamal-Ud-Din, Khwaja aMessage of Islamb a Lecture Given to the European Community in Various Plac aLondonbTrust for the Cncouragementc1927 a48p aincludes index and biblioraphy2 aacc no 1649 is archives aIslam-Meccan Trade1 aKamal-Ud-Din, Khwaja bSRS cBK 001040708StackRoom-aHMIbHMId2007-07-27g100.00l0o297.1 KAMp01489r2007-07-27v100.00w2005-05-24yBK c1651d1651